[Event "Schleswig Holstein-ch U18 VM"]
[Site "Neumuenster"]
[Date "2008.03.30"]
[Round "9"]
[White "Mandelkow, Thomas"]
[Black "Schlueter, Sabrina"]
[Result "1-0"]
[WhiteElo "1499"]
[BlackElo "1564"]
[PlyCount "69"]
[EventDate "2008.03.24"]
[EventType "swiss"]
[EventRounds "9"]
[EventCountry "GER"]
[SourceTitle "EXT 2009"]
[Source "ChessBase"]
[SourceDate "2008.11.26"]
[SourceVersion "1"]
[SourceVersionDate "2008.11.26"]
[SourceQuality "1"]

1. e4 c6 2. d4 g6 3. Nf3 Bg7 4. Nc3 d5 5. exd5 cxd5 6. Bf4 a6 7. Bd3 Nc6 8. Be2 Bg4 9. Ne5 Bxe2 10. Nxe2 Nf6 11. 0-0 0-0 12. Qd2 Re8 13. Ng3 Rc8 14. c3 Na5 15. b3 e6 16. Bg5 Qc7 17. Rac1 Nd7 18. Ng4 b5 19. Bh6 Bh8 20. h4 Nc6 21. Bf4 Qb6 22. Bd6 Ne7 23. Nh6+ Kg7 24. Nh5+ Kf8 25. Qf4 f6 26. Ng3 Rc6 27. Ba3 Rec8 28. Ng4 Bg7 29. Rfe1 Rxc3 30. Rxc3 Rxc3 31. Bd6 h5 32. Rxe6 Kg8 33. Rxe7 hxg4 34. Rxd7 Qc6 35. Rc7 1-0

[Event "Schleswig Holstein-ch U18 VM"]
[Site "Neumuenster"]
[Date "2008.03.27"]
[Round "6"]
[White "Hein, Andreas"]
[Black "Mandelkow, Thomas"]
[Result "1-0"]
[WhiteElo "1514"]
[BlackElo "1499"]
[PlyCount "45"]
[EventDate "2008.03.24"]
[EventType "swiss"]
[EventRounds "9"]
[EventCountry "GER"]
[SourceTitle "EXT 2009"]
[Source "ChessBase"]
[SourceDate "2008.11.26"]
[SourceVersion "1"]
[SourceVersionDate "2008.11.26"]
[SourceQuality "1"]

1. e4 c5 2. Nc3 d6 3. g3 Nc6 4. d3 Nf6 5. f4 e6 6. Bg2 Be7 7. Nf3 e5 8. Be3 Bg4 9. Qd2 0-0 10. f5 Bxf3 11. Bxf3 Nd4 12. Qg2 Nd7 13. 0-0-0 Bg5 14. Bxg5 Qxg5+ 15. Kb1 Nb6 16. h4 Qe3 17. Rhf1 Nc6 18. g4 Ne7 19. g5 h6 20. Rde1 Qf4 21. Bg4 hxg5 22. Rxf4 gxf4 23. f6 1-0

[Event "GER North-chT U16"]
[Site "Magdeburg"]
[Date "2006.08.26"]
[Round "1.4"]
[White "Mandelkow, Thomas"]
[Black "Cepok, Joscha"]
[Result "1-0"]
[WhiteElo "1319"]
[BlackElo "815"]
[PlyCount "25"]
[EventDate "2006.08.26"]
[EventType "team-tourn"]
[EventRounds "7"]
[EventCountry "GER"]
[SourceTitle "EXT 2007"]
[Source "ChessBase"]
[SourceDate "2006.11.23"]
[SourceVersion "1"]
[SourceVersionDate "2006.11.23"]
[SourceQuality "1"]

1. e4 e5 2. Nf3 d6 3. d4 Nc6 4. dxe5 dxe5 5. Qxd8+ Kxd8 6. Bc4 Nb4 7. Na3 f6 8. Bd2 a5 9. Rd1 Bd7 10. 0-0 Kc8 11. c3 Na6 12. Be3 Ba4 13. Be6+ 1-0

[Event "Hamburg Robinow op"]
[Site "Hamburg"]
[Date "2005.10.08"]
[Round "8"]
[White "Roenker, Sebastian"]
[Black "Mandelkow, Thomas"]
[Result "1-0"]
[WhiteElo "1529"]
[BlackElo "952"]
[PlyCount "61"]
[EventDate "2005.10.01"]
[EventType "swiss"]
[EventRounds "9"]
[EventCountry "GER"]
[SourceTitle "CBM 108 Extra"]
[Source "ChessBase"]
[SourceDate "2005.11.04"]
[SourceVersion "1"]
[SourceVersionDate "2005.11.04"]
[SourceQuality "1"]

1. e4 e5 2. Nf3 Nc6 3. Bb5 d6 4. d4 a6 5. Ba4 b5 6. Bb3 Bg4 7. h3 Bxf3 8. Qxf3 Qf6 9. Qc3 Nge7 10. dxe5 Qxe5 11. Qf3 d5 12. 0-0 Nd4 13. Qe3 Qxe4 14. Nc3 Qxe3 15. Bxe3 Nxb3 16. axb3 c6 17. Rfe1 Nf5 18. Bf4+ Be7 19. Re5 g6 20. Rae1 Kd7 21. g4 Bd6 22. gxf5 Bxe5 23. Rxe5 f6 24. Re6 g5 25. Bg3 Rhf8 26. Rd6+ Ke7 27. Rxc6 Rfd8 28. Rc7+ Rd7 29. Nxd5+ Kd8 30. Rxd7+ Kxd7 31. Nb6+ 1-0

[Event "Hamburg Robinow op"]
[Site "Hamburg"]
[Date "2005.10.06"]
[Round "6"]
[White "Wenske, Hardy"]
[Black "Mandelkow, Thomas"]
[Result "1-0"]
[WhiteElo "1576"]
[BlackElo "952"]
[PlyCount "25"]
[EventDate "2005.10.01"]
[EventType "swiss"]
[EventRounds "9"]
[EventCountry "GER"]
[SourceTitle "CBM 108 Extra"]
[Source "ChessBase"]
[SourceDate "2005.11.04"]
[SourceVersion "1"]
[SourceVersionDate "2005.11.04"]
[SourceQuality "1"]

1. e4 e5 2. Nf3 d6 3. h3 Be6 4. Nc3 Nd7 5. d4 Ngf6 6. d5 Be7 7. dxe6 fxe6 8. Ng5 Nf8 9. Bc4 Qd7 10. Be3 h6 11. Nf3 0-0-0 12. Bxa7 b6 13. Ba6# 1-0